[Event "88th Hastings Masters"]
[Site "Hastings ENG"]
[Date "2013.01.06"]
[Round "10.8"]
[White "Burns-Mannion, Stephen R"]
[Black "Williams, Simon K"]
[Result "1-0"]
[WhiteTitle "IM"]
[BlackTitle "GM"]
[WhiteElo "2351"]
[BlackElo "2515"]
[WhiteFideId "2400111"]
[BlackFideId "404454"]
[EventDate "2012.12.28"]

1. e4 c5 2. Nf3 e6 3. d4 cxd4 4. Nxd4 d6 5. c4 a6 6. Be2 g6 7. O-O Bg7 8. Nc3
Ne7 9. Be3 O-O 10. Qd2 f5 11. Bh6 f4 12. Bxg7 Kxg7 13. Rfd1 g5 14. Nb3 Ng6 15.
Qxd6 Qf6 16. Qc7+ Kh6 17. Rd3 Nd7 18. Rad1 Nge5 19. Rh3+ Kg7 20. Nc5 Rf7 21. Qd6
Nxc5 22. Qxc5 Bd7 23. Rd6 Rc8 24. Qd4 Rc6 25. Kf1 Rxd6 26. Qxd6 Be8 27. a4 Rd7
28. Qb8 Bg6 29. Qc8 Qe7 30. Qa8 Nc6 31. Rd3 Rxd3 32. Bxd3 Qb4 33. Nd1 Qb3 34.
Be2 Bxe4 35. Qe8 Bf5 36. f3 Qb6 37. Qd7+ Kf6 38. Qd6 Qd4 39. Qf8+ Kg6 40. Nc3
Qg7 41. Qd6 Qd4 42. Qf8 Qf6 43. Qd6 Qd8 44. Qxd8 Nxd8 45. Ke1 Kf6 46. Kd2 Ke5
47. Bd3 Nc6 48. Bxf5 exf5 49. Ne2 Nd4 50. Nc1 Ne6 51. Kc3 g4 52. Nd3+ Kf6 53. b4
Kg5 54. c5 Kh4 55. Kc4 gxf3 56. gxf3 Kh3 57. Kd5 Nd8 58. Nxf4+ Kxh2 59. Ne6 Nc6
60. b5 axb5 61. axb5 Na7 62. b6 Nc6 63. Nd4 Na5 64. Nxf5 h5 65. Nd6 1-0

[Event "88th Hastings Masters"]
[Site "Hastings ENG"]
[Date "2013.01.06"]
[Round "10.9"]
[White "Flear, Glenn C"]
[Black "Prosviriakov, Vladimir"]
[Result "1/2-1/2"]
[WhiteTitle "GM"]
[BlackTitle "IM"]
[WhiteElo "2481"]
[BlackElo "2293"]
[WhiteFideId "400165"]
[BlackFideId "2004860"]
[EventDate "2012.12.28"]

1. d4 Nf6 2. c4 e6 3. Nc3 Bb4 4. Qc2 O-O 5. a3 Bxc3+ 6. Qxc3 Qe8 7. f3 d6 8. e4
e5 9. d5 Nfd7 10. Be3 f5 11. exf5 e4 12. fxe4 Qxe4 13. O-O-O Ne5 14. Nf3 Bxf5
15. Nxe5 dxe5 16. Be2 Qxg2 17. Rhg1 Qxh2 18. Rd2 Nd7 19. c5 Qh4 20. Bf3 Rae8 21.
d6 cxd6 22. Rxd6 Kh8 23. Bxb7 Nf6 24. Rh1 Qg3 25. Rg1 Qh4 26. Rh1 Qg3 27. Rg1
Qh4 1/2-1/2

[Event "88th Hastings Masters"]
[Site "Hastings ENG"]
[Date "2013.01.06"]
[Round "10.14"]
[White "Sreeves, Clement"]
[Black "Hebden, Mark L"]
[Result "1/2-1/2"]
[BlackTitle "GM"]
[WhiteElo "2223"]
[BlackElo "2547"]
[WhiteFideId "2402564"]
[BlackFideId "400084"]
[EventDate "2012.12.28"]

1. e4 e5 2. Nf3 Nc6 3. Bb5 a6 4. Ba4 Nf6 5. O-O Be7 6. d3 d6 7. c3 O-O 8. Nbd2
b5 9. Bc2 Nd7 10. d4 Bf6 11. d5 Ne7 12. a4 Bb7 13. Nb3 Nb6 14. Na5 Bc8 15. axb5
axb5 16. Be3 Bd7 17. b3 Qb8 18. Qd2 Rd8 19. c4 c6 20. dxc6 Nxc6 21. cxb5 Nxa5
22. Rxa5 Qc7 23. Bd3 Nc4 24. bxc4 Qxa5 25. Qxa5 Rxa5 26. Bb6 Ra2 27. Bxd8 Bxd8
28. c5 Be6 29. Rb1 f6 30. b6 dxc5 31. b7 Bc7 32. b8=Q+ Bxb8 33. Rxb8+ Kf7 34.
Rb1 c4 35. Bf1 Ke7 36. Rc1 Kd6 37. Ne1 Kc5 38. Nc2 c3 39. Bd3 Bc4 40. Bxc4 Kxc4
41. Kf1 Rxc2 42. Rxc2 Kd3 43. Rxc3+ Kxc3 44. Ke2 Kc2 45. f3 g6 46. g3 h5 47. h4
Kc3 48. Ke3 Kc4 49. g4 Kc3 50. f4 exf4+ 51. Kxf4 hxg4 52. Kxg4 Kd3 53. Kf3 1/2-1/2

[Event "88th Hastings Masters"]
[Site "Hastings ENG"]
[Date "2013.01.06"]
[Round "10.15"]
[White "Anderson, John"]
[Black "Rendle, Thomas E"]
[Result "1/2-1/2"]
[BlackTitle "IM"]
[WhiteElo "2161"]
[BlackElo "2381"]
[WhiteFideId "405353"]
[BlackFideId "408760"]
[EventDate "2012.12.28"]

1. e4 e6 2. d4 d5 3. Nc3 Bb4 4. e5 c5 5. a3 Ba5 6. b4 cxd4 7. Nb5 Bc7 8. f4 Bd7
9. Nxc7+ Qxc7 10. Nf3 Nh6 11. Bd3 a6 12. a4 Nc6 13. Qd2 Qb6 14. Ba3 Ne7 15. b5
axb5 16. axb5 O-O 17. O-O Rfe8 18. Bxe7 Rxa1 19. Rxa1 Rxe7 20. Qb4 Re8 21. Qxd4
Qxd4+ 22. Nxd4 f6 23. Ra7 Rb8 24. c4 fxe5 25. fxe5 dxc4 26. Bxc4 Ng4 27. Nxe6 1/2-1/2

[Event "88th Hastings Masters"]
[Site "Hastings ENG"]
[Date "2013.01.06"]
[Round "10.16"]
[White "Farid, Firman Syah"]
[Black "Hagen, Anders Gjerdrum"]
[Result "1-0"]
[WhiteTitle "IM"]
[WhiteElo "2338"]
[BlackElo "2126"]
[WhiteFideId "7102526"]
[BlackFideId "1506650"]
[EventDate "2012.12.28"]

1. e4 c5 2. Nf3 Nc6 3. d4 cxd4 4. Nxd4 Nf6 5. Nc3 d6 6. Bg5 e6 7. Qd2 a6 8.
O-O-O Bd7 9. f3 h6 10. Be3 Qc7 11. g4 Ne5 12. h4 b5 13. Be2 g6 14. g5 hxg5 15.
hxg5 Rxh1 16. Rxh1 Nh5 17. f4 Nc4 18. Bxc4 Qxc4 19. b3 Qc7 20. f5 b4 21. fxe6
fxe6 22. Nce2 Qb7 23. Rh4 a5 24. e5 dxe5 25. Qd3 Kf7 26. Rxh5 gxh5 27. Qh7+ Ke8
28. g6 exd4 29. Qf7+ Kd8 30. Qxf8+ Kc7 31. Qf4+ Kb6 32. Nxd4 Qh1+ 33. Kb2 Kb7
34. g7 Qe1 35. Qf3+ Kc7 36. Qf4+ Kb7 37. Qe4+ Ka7 38. Nb5+ Ka6 39. Nc7# 1-0

[Event "88th Hastings Masters"]
[Site "Hastings ENG"]
[Date "2013.01.06"]
[Round "10.17"]
[White "Sihite, Chelsie Monica"]
[Black "Duff, Rufus"]
[Result "1-0"]
[WhiteTitle "WIM"]
[WhiteElo "2277"]
[BlackElo "2114"]
[WhiteFideId "7101198"]
[BlackFideId "403032"]
[EventDate "2012.12.28"]

1. e4 e5 2. Nf3 Nc6 3. Bc4 Bc5 4. c3 Nf6 5. d3 a6 6. Bb3 Ba7 7. Nbd2 O-O 8. O-O
d6 9. Nc4 Ne7 10. Bc2 Ng6 11. Be3 Bxe3 12. fxe3 Be6 13. Ncd2 h6 14. Qe1 a5 15.
a3 c6 16. b3 Re8 17. h3 Qe7 18. Rf2 Nd7 19. Nf1 Nc5 20. Rb1 Nf8 21. g4 g6 22.
Rg2 Ncd7 23. Ng3 d5 24. Nf5 Bxf5 25. gxf5 dxe4 26. dxe4 Kh7 27. Qg3 Nf6 28. Rf1
Nh5 29. Qe1 Rad8 30. b4 axb4 31. axb4 Rd7 32. Bb3 b5 33. Nh4 g5 34. f6 Nxf6 35.
Rgf2 gxh4 36. Rxf6 Ne6 37. Kh1 Rg8 38. Rxf7+ 1-0

[Event "88th Hastings Masters"]
[Site "Hastings ENG"]
[Date "2013.01.06"]
[Round "10.19"]
[White "Flear, Christine"]
[Black "Rudd, Jack"]
[Result "0-1"]
[WhiteTitle "WIM"]
[BlackTitle "IM"]
[WhiteElo "2156"]
[BlackElo "2288"]
[WhiteFideId "602604"]
[BlackFideId "405736"]
[EventDate "2012.12.28"]

1. d4 Nf6 2. c4 c5 3. d5 e6 4. Nc3 exd5 5. cxd5 d6 6. e4 g6 7. Nge2 Bg7 8. Ng3
O-O 9. Be2 Na6 10. O-O Nc7 11. f3 a6 12. a4 Bd7 13. a5 Nb5 14. Bf4 Qe7 15. Na4
Rad8 16. Nb6 Be8 17. Re1 Nd7 18. Nc4 h5 19. Qd2 h4 20. Nh1 Bd4+ 21. Kf1 f6 22.
Nf2 g5 23. Be3 Bg6 24. Bd3 Bxe3 25. Rxe3 Ne5 26. Nxe5 fxe5 27. Bxb5 axb5 28. a6
Ra8 29. Rea3 b6 30. Kg1 Ra7 31. Nh3 b4 32. Re3 Bh5 33. Ree1 g4 34. fxg4 Bxg4 35.
Nf2 Bc8 36. Qe2 Qg5 37. h3 Qg3 38. Rf1 Rf4 39. Nh1 Qg5 40. Rxf4 exf4 41. Nf2
Bxa6 42. Qf3 Be2 0-1

[Event "88th Hastings Masters"]
[Site "Hastings ENG"]
[Date "2013.01.06"]
[Round "10.20"]
[White "Stewart, Neil"]
[Black "Spanton, Tim R"]
[Result "1-0"]
[WhiteTitle "FM"]
[WhiteElo "2264"]
[BlackElo "2020"]
[WhiteFideId "4636988"]
[BlackFideId "404802"]
[EventDate "2012.12.28"]

1. c4 e5 2. g3 g6 3. Bg2 Bg7 4. Nc3 Nc6 5. e4 d6 6. Nge2 Nge7 7. d3 f5 8. O-O
O-O 9. Nd5 Nxd5 10. cxd5 Ne7 11. Qb3 Kh8 12. Bd2 c6 13. Rac1 c5 14. a4 Qb6 15.
Qc2 a5 16. Kh1 Bd7 17. b3 c4 18. dxc4 fxe4 19. Be3 Qc7 20. Nc3 Bg4 21. Nxe4 Bf3
22. Bxf3 Rxf3 23. Qd1 Rf5 24. c5 Rh5 25. g4 1-0

[Event "88th Hastings Masters"]
[Site "Hastings ENG"]
[Date "2013.01.06"]
[Round "10.23"]
[White "Lenier, Jude A"]
[Black "Ledger, Dave J"]
[Result "0-1"]
[BlackTitle "FM"]
[WhiteElo "2069"]
[BlackElo "2266"]
[WhiteFideId "470678"]
[BlackFideId "401986"]
[EventDate "2012.12.28"]

1. e4 e5 2. Nf3 Nc6 3. Bb5 a6 4. Ba4 Nf6 5. O-O b5 6. Bb3 Be7 7. Re1 d6 8. c3
O-O 9. h3 Nb8 10. d4 Nbd7 11. Nbd2 Bb7 12. Bc2 Re8 13. Nf1 Bf8 14. Ng3 g6 15.
Bg5 Bg7 16. Qd2 c5 17. d5 c4 18. Nh2 Qb6 19. Be3 Qc7 20. Rad1 Nc5 21. Bh6 Bc8
22. h4 a5 23. h5 Rb8 24. Bxg7 Kxg7 25. f4 Ng8 26. f5 b4 27. Ng4 bxc3 28. bxc3
Qa7 29. Kh2 Qe7 30. Kh3 Rb2 31. f6+ Qxf6 32. Nf5+ Bxf5 33. exf5 Qd8 34. Qc1 Rxa2
35. hxg6 fxg6 36. fxg6 hxg6 37. Bxg6 Kxg6 38. Qb1+ Nd3 39. Qxa2 Nxe1 40. Rxe1
Nf6 41. Qc2+ Kg7 42. Nxf6 Qxf6 43. Re4 Qf5+ 44. Rg4+ Kf6 45. Qd2 Qd3+ 0-1

[Event "88th Hastings Masters"]
[Site "Hastings ENG"]
[Date "2013.01.06"]
[Round "10.35"]
[White "Tarhon, Brian"]
[Black "Safarian, Alek"]
[Result "1/2-1/2"]
[WhiteElo "1844"]
[BlackElo "2050"]
[WhiteFideId "423190"]
[BlackFideId "3202135"]
[EventDate "2012.12.28"]

1. e4 c5 2. Nf3 d6 3. d4 cxd4 4. Nxd4 Nf6 5. Nc3 g6 6. Be3 Bg7 7. f3 O-O 8. Qd2
Nc6 9. Bc4 Bd7 10. O-O-O Rb8 11. Bb3 Na5 12. Kb1 b5 13. h4 h5 14. Rhg1 Qc7 15.
Bg5 b4 16. Nd5 Nxd5 17. Bxd5 e6 18. Bb3 e5 19. Ne2 Nxb3 20. cxb3 Bb5 21. g4 hxg4
22. fxg4 Rb6 23. Ng3 Rc8 24. Rc1 Rc6 25. Rxc6 Qxc6 26. h5 Qc5 27. Rd1 Qd4 28.
Be3 Qxd2 29. Rxd2 Rc6 30. h6 Bf8 31. g5 1/2-1/2

[Event "88th Hastings Masters"]
[Site "Hastings ENG"]
[Date "2013.01.06"]
[Round "10.36"]
[White "Macrae, James S"]
[Black "Dennis, Nigel W"]
[Result "1/2-1/2"]
[WhiteElo "1717"]
[BlackElo "1904"]
[WhiteFideId "2401797"]
[BlackFideId "408913"]
[EventDate "2012.12.28"]

1. d4 Nf6 2. e3 b6 3. Bd3 Bb7 4. Nf3 e6 5. Nbd2 c5 6. c3 d6 7. O-O Be7 8. Qe2
Nbd7 9. e4 cxd4 10. cxd4 Rc8 11. Nc4 d5 12. exd5 Nxd5 13. Bd2 N7f6 14. Rac1 O-O
15. Rc2 b5 16. Nce5 Rxc2 17. Bxc2 a6 18. Rc1 Qa8 19. Bb1 Rc8 20. Rxc8+ Qxc8 21.
Qd3 Bb4 22. Qc2 Qxc2 23. Bxc2 Bxd2 24. Nxd2 Kf8 25. g3 Nb4 26. Bb1 Ke7 27. a3
Nc6 28. Nxc6+ Bxc6 29. f3 h5 30. h4 g6 31. Kf2 Kd6 32. Ke3 Nd5+ 33. Kf2 Nb6 34.
Bc2 a5 35. Ke3 Bd5 36. Bd1 f5 37. f4 Kc6 1/2-1/2

[Event "88th Hastings Masters"]
[Site "Hastings ENG"]
[Date "2013.01.06"]
[Round "10.37"]
[White "Barton, R Alan"]
[Black "Gunn, Michael J"]
[Result "1/2-1/2"]
[WhiteElo "2080"]
[BlackElo "1772"]
[WhiteFideId "404233"]
[BlackFideId "409030"]
[EventDate "2012.12.28"]

1. d4 d5 2. Nf3 Nf6 3. e3 g6 4. Bd3 Bg7 5. Nbd2 b6 6. c3 Bb7 7. Qc2 O-O 8. h4 h5
9. e4 dxe4 10. Nxe4 Nbd7 11. Bg5 Nxe4 12. Bxe4 Bxe4 13. Qxe4 Nf6 14. Qe2 Re8 15.
O-O Qd5 16. Rfe1 e6 17. Ne5 a5 18. Qe3 Nd7 19. Nxd7 Qxd7 20. Rad1 Qd5 21. a3 a4
22. Rd2 b5 23. Qf4 Rac8 24. Re5 Qd7 25. Rc5 c6 26. Qe4 Qb7 27. Rd3 Bf8 28. Bf6
Bg7 29. Bg5 Qd7 30. Rg3 Bf8 31. Bf6 e5 32. Rxe5 Rxe5 33. dxe5 Kh7 34. Qd3 Qe6
35. Rg5 Bh6 36. Rxh5 Qg4 37. Rg5 Bxg5 38. hxg5 Kg8 39. Qd6 Qe6 40. Qd4 Qc4 41.
Qd7 Qe6 42. Qd3 Kf8 43. f3 Ke8 44. Kf2 Qd5 45. Qe3 c5 46. f4 Kd7 47. g4 Kc6 48.
f5 Re8 49. Kg3 Kd7 50. Kf4 Qc4+ 51. Kg3 Qd5 52. Kf4 Qc4+ 53. Kg3 Qd5 1/2-1/2